Servisná príručka pre opravárov televíznych prijímačov
Salvato in:
| Autore principale: | |
|---|---|
| Natura: | Libro |
| Lingua: | slovacco |
| Pubblicazione: |
Bratislava :
SVTL,
1967
|
| Tags: |
Nessun Tag, puoi essere il primo ad aggiungerne!!
|
MARC
| LEADER | 00000nam a22000003a 4500 | ||
|---|---|---|---|
| 001 | stu205526 | ||
| 005 | 20150617225650.2 | ||
| 008 | 100621s1971----cs------------------slo-d | ||
| 040 | |a STU |b slo | ||
| 041 | 0 | |a slo | |
| 044 | |a cs | ||
| 080 | |a 621.397.62 | ||
| 100 | 1 | |a Nieder, Ernst |4 aut | |
| 245 | 1 | |a Servisná príručka pre opravárov televíznych prijímačov | |
| 260 | |a Bratislava : |b SVTL, |c 1967 | ||
| 996 | |b E16496 |c E*16496 |l EE11 |s P |a 0 |w stu205526_0001 | ||